Manažerské diagnostické myšlení

Vzájomné súvislosti medzi myslením a konaním človeka. Obsahové vymedzenie pojmu myslenie. Diagnostické myslenie. Systémové myslenie. Hodnotové myslenie. Konkurenčne myslenie. Krízové myslenie. Potenciálové myslenie. Manažérska autodiagnostika.

Guardado en:
Detalles Bibliográficos
Autor principal: Michalko, Milan
Formato: Capítulo de libro
Lenguaje:checo
Materias:
Etiquetas: Agregar Etiqueta
Sin Etiquetas, Sea el primero en etiquetar este registro!

MARC

LEADER 00000naa a2200000 4500
001 r048587
005 20231002130515.8
041 0 |a cze 
044 |a CZ 
245 1 0 |a Manažerské diagnostické myšlení  |c Milan Michalko 
520 |a Vzájomné súvislosti medzi myslením a konaním človeka. Obsahové vymedzenie pojmu myslenie. Diagnostické myslenie. Systémové myslenie. Hodnotové myslenie. Konkurenčne myslenie. Krízové myslenie. Potenciálové myslenie. Manažérska autodiagnostika. 
610 2 0 |a myslenie ekonomické 
610 2 0 |a manažéri 
610 2 0 |a diagnostikácia 
610 2 0 |a konkurencia 
610 2 0 |a kríza 
610 2 0 |a podnik 
610 2 0 |a výstupy 
610 2 0 |a podnikanie 
610 2 0 |a psychológia 
100 1 |a Michalko, Milan